Loading...
| Science - Biology | 0 | 5 | 2 | 1 | 40 | 94 | 116.20 | 1 | 2 | 8.80 | 27.14 |
| Social Science | 0 | 4 | 1 | 2 | 35 | 129 | 140.25 | 0 | 1 | 1.20 | 9.52 |
| History - American | 0 | 3 | 1 | 0 | 25 | 91 | 104.67 | 1 | 1 | 10.88 | 23.21 |
| History - Other | 1 | 1 | 0 | 0 | 25 | 34 | 60.00 | 1 | 2 | 19.50 | 28.57 |
| Science - Physics | 0 | 2 | 0 | 0 | 20 | 89 | 109.00 | 0 | 2 | 3.38 | 15.71 |
| Other Academic | 0 | 2 | 0 | 0 | 20 | 81 | 99.00 | 0 | 1 | 6.17 | 14.29 |
| Fine Arts - Other | 0 | 2 | 0 | 1 | 20 | 136 | 148.50 | 0 | 0 | 0.74 | 3.81 |
| Philosophy | 0 | 2 | 0 | 0 | 20 | 115 | 127.00 | 0 | 0 | 3.33 | 7.14 |
| Science - Other | 0 | 2 | 0 | 0 | 20 | 99 | 118.00 | 2 | 2 | 4.69 | 22.22 |
| Geography | 0 | 3 | 3 | 1 | 15 | 94 | 118.00 | 0 | 2 | 8.31 | 21.43 |
| Religion | 0 | 2 | 1 | 1 | 15 | 132 | 136.00 | 0 | 1 | 0.18 | 5.36 |
| Current Events | 0 | 1 | 0 | 1 | 10 | 138 | 138.00 | 0 | 0 | 0.10 | 2.04 |
| History - European | 0 | 1 | 0 | 0 | 10 | 75 | 75.00 | 0 | 1 | 4.76 | 5.71 |
| Literature - Drama | 0 | 1 | 0 | 0 | 10 | 107 | 107.00 | 0 | 0 | 4.14 | 5.36 |
| Literature - Long Fiction | 0 | 1 | 0 | 0 | 10 | 113 | 113.00 | 0 | 0 | 1.84 | 2.38 |
| Mythology | 1 | 0 | 1 | 0 | 10 | 61 | 61.00 | 0 | 1 | 7.92 | 12.24 |
| Literature - Poetry | 0 | 1 | 1 | 0 | 5 | 116 | 116.00 | 0 | 0 | 2.70 | 4.29 |
| Science - Chemistry | 0 | 1 | 1 | 0 | 5 | 132 | 132.00 | 0 | 1 | 0.50 | 5.71 |
| History - World | 0 | 2 | 3 | 0 | 5 | 73 | 73.50 | 1 | 2 | 5.95 | 8.57 |
| Fine Arts - Painting and Sculpture | 0 | 1 | 1 | 0 | 5 | 109 | 109.00 | 0 | 1 | 3.14 | 7.14 |
| Fine Arts - Classical Music | 0 | 1 | 2 | 0 | 0 | 74 | 74.00 | 0 | 0 | 4.64 | 4.29 |
| Short Fiction and Other | 0 | 0 | 1 | 0 | -5 | 0.00 | 0 | 0 | 0.00 | 0.00 |